00461 2200193 4500001002100000005001500021035002000036245001300056100001900069250001200088300002900100260002900129082000800158084001500166020001500181008003900196990001600235990001600251INLIS00000000000184520191004102551 a0010-10190000391 aHendrick0 aRisa Saraswati aCet1.-- a248 hlm :bIlus ;c14x20 aJakarta :bBukune,c2016 a813 a813 RIS h a6022202011191004 | | |  a00000001575 a00000001575